000 00938nam a22002177a 4500
999 _c2122
_d2122
003 AR-CdUCM
008 190304b ||||| |||| 00| 0 spa d
040 _aMUNICIPALIDAD PROVINCIAL DEL CUSCO
_cBIBLIOTECA MUNICIPAL DEL CUSCO
082 _a985.019 /
_bV32
100 _aVargas P., Ernesto
_97657
245 _aLawata :
_bcomunicación retruecano y mnemotecnico inkas siglos XVII-XVIII /
246 _aensayo de cultura andina para la historia de Cusco /
260 _aCusco :
_c1994.
300 _a112 páginas ;
_c21 cm.
505 _aContenido: Comunicación retruecano y mnemotecnico inkas siglos XVII-XVIII -- Lawata -- Taki Onqoy -- Mnemotécnica de la transformación de Condorcanqui a Thupa Amaru -- Por "VN Gran Arbol" mito o historia ...
650 _aComunicación Melo-aerofonético
_97658
650 _aComunicación Retruécano
_97659
650 _aComunicacion inka.
_97660
942 _2ddc
_cLIBROS
945 _azta